书目信息 |
| 题名: |
禽类遗传工程理论与方法
|
|
| 作者: | 杜立新 , 闫艳春 编著 | |
| 分册: | ||
| 出版信息: | 北京 化学工业出版社 2004 |
|
| 页数: | 245页 | |
| 开本: | 26cm | |
| 丛书名: | 农业生物技术系列 | |
| 单 册: | ||
| 中图分类: | S813.1 | |
| 科图分类: | ||
| 主题词: | 家禽--遗传工程 | |
| 电子资源: | ||
| ISBN: | 7-5025-5562-5 | |
| 000 | 00887oam2 2200253 45 | |
| 001 | 002704321 | |
| 005 | 20050318085856.4 | |
| 010 | @a7-5025-5562-5@dCNY38.00 | |
| 100 | @a20040802d2004 em y0chiy0110 ea | |
| 101 | 0 | @achi |
| 102 | @aCN@b110000 | |
| 105 | @ay z 000yy | |
| 200 | 1 | @a禽类遗传工程理论与方法@Aqin lei yi chuan gong cheng li lun yu fang fa@f杜立新,闫艳春编著@FDu Li Xin,Yan Yan Chun Bian Zhu |
| 210 | @a北京@c化学工业出版社@d2004 | |
| 215 | @a245页@d26cm | |
| 225 | 2 | @a农业生物技术系列 |
| 330 | @a该书着重介绍了国内外近年来发展起来的禽类遗传工程方面的新技术、新方法,以及根据作者的研究结果重点论述了禽类基因克隆、禽类胚胎干细胞、鸡胚体外培养等内容。 | |
| 410 | @12001 @a农业生物技术系列 | |
| 606 | 0 | @a家禽@x遗传工程 |
| 690 | @aS813.1@v4 | |
| 701 | 0 | @a杜立新@4编著 |
| 701 | 0 | @a闫艳春@4编著 |
| 801 | 0 | @aCN@bNLC@c20040924 |
| 905 | @f1@b345578@dS813.1@e20 | |
| 禽类遗传工程理论与方法/杜立新,闫艳春编著.-北京:化学工业出版社,2004 |
| 245页;26cm.-(农业生物技术系列) |
| ISBN 7-5025-5562-5:CNY38.00 |
| 该书着重介绍了国内外近年来发展起来的禽类遗传工程方面的新技术、新方法,以及根据作者的研究结果重点论述了禽类基因克隆、禽类胚胎干细胞、鸡胚体外培养等内容。 |
| ● |
| 相关链接 |
|
|
|
|
正题名:禽类遗传工程理论与方法
索取号:S813.1/20
 
预约/预借
| 序号 | 登录号 | 条形码 | 馆藏地/架位号 | 状态 | 备注 |
| 1 | 0345578 | 203455787 | 第二样本阅览室/ [索取号:S813.1/20] | 在馆 |